| 000 | 00573nam a22002057a 4500 | ||
|---|---|---|---|
| 003 | OSt | ||
| 005 | 20140310182821.0 | ||
| 008 | 130304t xxu||||| |||| 00| 0 eng d | ||
| 020 | _a9780743265416 | ||
| 050 |
_aHF 1118 _b.St779 2005 |
||
| 082 |
_aM 650.07621 _bSt1 2005 |
||
| 245 |
_aGMAT comprehensive program _cby the staff of Kaplan Test Prep and Admissions |
||
| 260 |
_aNew York : _bSimon & Schuster, _cc2005. |
||
| 300 |
_axiii, 392 p. _c28 cm |
||
| 521 | _aCollege Students | ||
| 526 | _c1210L-1700L | ||
| 541 | _j1 | ||
| 562 | _e1 | ||
| 942 |
_2lcc _cBK _kM |
||
| 999 |
_c16398 _d16398 |
||